[Event "EU-chG16"]
[Site "Herceg Novi MNE"]
[Date "2006.09.11"]
[Round "2"]
[White "Vince,V"]
[Black "Sirisena,C"]
[Result "1-0"]
[WhiteElo "1796"]
[BlackElo "1950"]

1.d4 d5 2.c4 e6 3.Nc3 c6 4.e3 Nf6 5.Nf3 Nbd7 6.Qc2 Bd6 7.Bd3 dxc4 8.Bxc4 b5
9.Be2 O-O 10.O-O Bb7 11.Rd1 Qe7 12.e4 e5 13.dxe5 Nxe5 14.Nd4 Rfd8 15.Nf5 Qf8
16.Nxd6 Rxd6 17.Bf4 Re6 18.Rac1 Rae8 19.Be3 a6 20.f3 Rd8 21.Bf1 Ned7 22.Ne2 Rd6
23.Nd4 Ne5 24.Nf5 Rxd1 25.Rxd1 Rxd1 26.Qxd1 Qe8 27.Qd6 Ng6 28.Bd4 Qd7 29.Qb8+ Qc8
30.Qd6 Qd7 31.Qg3 Bc8 32.h4 Qd8 33.Qb8 Ne8 34.h5 Nf8 35.Qxc8 Ne6 36.Qxd8 Nxd8
37.Bb6 Ne6 38.Ne7+ Kf8 39.Nxc6  1-0

[Event "5th Open"]
[Site "Izmir TUR"]
[Date "2006.09.11"]
[Round "2"]
[White "Kadimova,I"]
[Black "Yener,C"]
[Result "1-0"]
[WhiteElo "2330"]
[BlackElo "1868"]

1.d4 d5 2.c4 c6 3.Nc3 Nf6 4.e3 e6 5.Nf3 Nbd7 6.Qc2 a6 7.b3 Bd6 8.Be2 O-O
9.O-O Re8 10.Bb2 Qe7 11.Rfe1 b5 12.e4 Nxe4 13.Nxe4 dxe4 14.Qxe4 Nf6 15.Qh4 Nd7
16.Qe4 Nf6 17.Qc2 Bb7 18.Bd3 h6 19.c5 Bc7 20.Ne5 Nd7 21.Rac1 Nf8 22.Be4 Rac8
23.Nxc6 Bxc6 24.Bxc6 Bxh2+ 25.Kxh2 Qc7+ 26.Kg1 Qxc6 27.Qc3 f6 28.Qg3 Kf7
29.Rc3 Red8 30.Qg4 Rd5 31.Bc1 h5 32.Qe4 Rf5 33.Bf4 Ng6 34.Qxc6 Rxc6 35.Bd6 Rd5
36.Rce3 Nh4 37.Rxe6 Nf5 38.R6e4 Nxd6 39.cxd6 Rcxd6 40.Re7+ Kg6 41.Ra7 Rxd4
42.Ree7 Rg4 43.Rxg7+ Kf5 44.Rh7 Rd1+ 45.Kh2 Rh4+ 46.Kg3 Rg4+ 47.Kf3 Rd6 48.Rxh5+ Rg5
49.g4+ Kg6 50.Rhh7 f5 51.Rag7+ Kf6 52.Rh6+ Ke5 53.Rxg5 Rxh6 54.Rxf5+ Kd4
55.g5 Rg6 56.Kg4 Re6 57.Rf6 Re2 58.g6 Rxa2 59.g7 Ra1 60.Rf3  1-0

[Event "59th ch-RUS 1st League"]
[Site "Tomsk RUS"]
[Date "2006.09.11"]
[Round "9"]
[White "Vorobiov,E"]
[Black "Bocharov,D"]
[Result "1/2-1/2"]
[WhiteElo "2539"]
[BlackElo "2571"]

1.Nf3 d5 2.c4 e6 3.d4 c6 4.e3 Nf6 5.Nc3 Nbd7 6.Qc2 Bd6 7.Bd3 O-O 8.O-O dxc4
9.Bxc4 b5 10.Be2 Bb7 11.e4 e5 12.dxe5 Nxe5 13.Nxe5 Bxe5 14.f4 Bd4+ 15.Kh1 b4
16.e5 bxc3 17.bxc3 Bb6 18.exf6 Qxf6 19.Bb2 Rad8 20.c4 Bd4 21.Rab1 Bc8 22.Bxd4 Rxd4
23.Qa4 Bf5 24.Rbe1 Re4 25.Bf3 Rxf4 26.Bxc6 Be6 27.Rxf4 Qxf4 28.Qxa7 Qxc4
29.Bf3 Qxa2 30.Qxa2 Bxa2 31.Ra1 Rb8 32.h4 Rb2 33.Kh2 g6 34.Rc1 Kg7 35.Rc5 Rd2
36.h5 Be6 37.hxg6 hxg6 38.Kg3 f5 39.Kf4 Kf6 40.Ke3 Rd8 41.Ra5 Rd6 42.g3 g5
43.Ba8 Rd1 44.Ke2 Rb1 45.Ke3 Rb3+ 46.Kf2 Rb2+ 47.Ke3 Bd7 48.Bd5 Bb5 49.Ra2 Rb1
50.Ra5 Re1+ 51.Kf3 Bd3 52.Ra3 Rd1 53.Ra5 Bc2 54.Rc5 Bd3 55.Ra5 Re1 56.Ra3 Be4+
57.Bxe4 fxe4+ 58.Kg4 Rf1 59.Ra6+ Ke5 60.Ra5+ Kd4 61.Ra4+ Ke3 62.Ra3+ Kd2
63.Ra2+ Ke3 64.Ra3+ Kf2 65.Ra2+ Ke3  1/2-1/2

[Event "XVI WSen"]
[Site "Arvier ITA"]
[Date "2006.09.13"]
[Round "3"]
[White "Bukal,V sr"]
[Black "Zaric,S"]
[Result "1/2-1/2"]
[WhiteElo "2414"]
[BlackElo "2241"]

1.c4 c6 2.d4 d5 3.e3 Nf6 4.Nc3 e6 5.Nf3 Nbd7 6.Bd3 Bd6 7.O-O O-O 8.e4 dxe4
9.Nxe4 Nxe4 10.Bxe4 Be7 11.Bc2 Bf6 12.Bf4 Qa5 13.Qd3 g6 14.Bd6 Rd8 15.b4 Qh5
16.Rae1 Nb6 17.Bc7 Rd7 18.Be5 Be7 19.Qc3 Rd8 20.Re3 Qh6 21.a4 Qf8 22.Rb1 Bd7
23.h4 Be8 24.h5 Nd7 25.hxg6 hxg6 26.Bc7 Rdc8 27.Bf4 Bf6 28.Ng5 Qg7 29.Rd1 c5
30.bxc5 Rxc5 31.Ne4 Rh5 32.g4 Rh4 33.Bg3 Rxg4 34.f3 Rxg3+ 35.Nxg3 Rc8 36.Ne4 Be7
37.a5 b6 38.Ba4 bxa5 39.Bxd7 Bxd7 40.Qxa5 Qh6 41.Re2 Rxc4 42.Qxa7 Rc1 43.Rxc1 Qxc1+
44.Kg2 Qc6 45.Qb8+ Kg7 46.Qe5+ f6 47.Qa5 g5 48.Kf2 Bc8 49.Qa7 Kf8 50.Qa2 f5
51.Rc2 Qd7 52.Qc4 Bb7 53.Nc5 Bxc5 54.Qxc5+ Ke8 55.Qe5 Bc6 56.Qh8+ Kf7 57.Qh7+ Kf6
58.Qh8+ Kg6 59.Rc1 Qd5 60.Qg8+ Kf6 61.Qf8+ Kg6 62.Qg8+ Kf6  1/2-1/2

[Event "5th Open"]
[Site "Izmir TUR"]
[Date "2006.09.13"]
[Round "4"]
[White "Gurevich,M"]
[Black "Bagaturov,G"]
[Result "1/2-1/2"]
[WhiteElo "2643"]
[BlackElo "2461"]

1.d4 d5 2.c4 c6 3.Nf3 Nf6 4.e3 e6 5.Nc3 Nbd7 6.Bd3 Be7 7.O-O O-O 8.e4 dxe4
9.Nxe4 c5 10.Nxf6+ Nxf6 11.dxc5 Bxc5 12.Bg5 h6 13.Bh4 b6 14.Qe2 Bb7 15.Rad1 Qc7
16.Bxf6 gxf6 17.Be4 Rfd8 18.b3 Rxd1 19.Rxd1 Bxe4 20.Qxe4 Rd8 21.Qe2 Rxd1+
22.Qxd1 Qf4 23.Kf1 Kg7 24.g3 Qe4 25.Qe2 f5 26.Qb2+ Kg8 27.Kg2 a5 28.Qf6 Bf8
29.h3 Qa8 30.g4 fxg4 31.hxg4 Qe4 32.Qh4 Be7 33.Qxe7 Qxg4+ 34.Kh2 Qf4+ 35.Kg2 Qg4+
36.Kh2 Qf4+ 37.Kg2  1/2-1/2

[Event "XVI WSen"]
[Site "Arvier ITA"]
[Date "2006.09.14"]
[Round "4"]
[White "Kaminik,A"]
[Black "Schwertel,J"]
[Result "1-0"]
[WhiteElo "2226"]
[BlackElo "2063"]

1.d4 d5 2.c4 c6 3.Nf3 Nf6 4.Nc3 e6 5.e3 Nbd7 6.Bd3 Be7 7.O-O O-O 8.b3 a6
9.Bb2 Re8 10.Qe2 Nf8 11.e4 Ng6 12.g3 dxe4 13.Nxe4 Nxe4 14.Bxe4 Qc7 15.h4 Bf6
16.Ne5 Nxe5 17.dxe5 Be7 18.Rad1 Bd7 19.Bxh7+ Kxh7 20.Qd3+ g6 21.Qxd7 Rac8
22.Qxc7 Rxc7 23.Rd3 Rd8 24.Rxd8 Bxd8 25.Rd1 Be7 26.Kg2 Kg7 27.Bc1 Kf8 28.Be3 Ke8
29.Kh3 Rd7 30.Rxd7 Kxd7 31.g4 Ke8 32.h5 gxh5 33.gxh5 Kf8 34.Kg4 Kg7 35.Bg5 Bf8
36.a4 Kh7 37.a5 Kg7 38.f4 Kh7 39.Bd8 Kh6 40.f5 Kh7 41.Kg5 Bh6+ 42.Kf6 exf5
43.Kxf7 f4 44.e6 f3 45.Bh4 Bg5 46.e7 Bxe7 47.Kxe7  1-0

[Event "Mitropa Cup Men"]
[Site "Brno CZE"]
[Date "2006.09.14"]
[Round "8"]
[White "Sebenik,M"]
[Black "Bruno,Fabi"]
[Result "1/2-1/2"]
[WhiteElo "2400"]
[BlackElo "2388"]

1.d4 d5 2.Nf3 Nf6 3.c4 c6 4.Nc3 e6 5.e3 a6 6.Qc2 Nbd7 7.b3 Bb4 8.a3 Bd6 9.e4 e5
10.exd5 cxd5 11.cxd5 O-O 12.Be2 Qc7 13.Bb2 Nxd5 14.Rc1 Nxc3 15.Qxc3 Qxc3+
16.Rxc3 exd4 17.Nxd4 Be5 18.Re3 Bf6 19.O-O Ne5 20.h3 Bd7 21.Nf5 Bxf5 22.Bxe5 Bxe5
23.Rxe5 Be6 24.Bf3 Bxb3 25.Rb1 Bc4 26.Rxb7 Rab8 27.Ra7 Rb1+ 28.Kh2 Rb2 29.Kg3 Rb3
30.a4 Ra3 31.a5 g6 32.Kh2 Ra2 33.Rc7 Bb5 34.Kg3 Rxa5 35.Ra7 Ra3 36.Rxb5 Rxf3+
37.Kxf3 axb5 38.Rb7  1/2-1/2

[Event "EU-chG16"]
[Site "Herceg Novi MNE"]
[Date "2006.09.14"]
[Round "5"]
[White "Rumiantseva,M"]
[Black "Saulyte,E"]
[Result "1/2-1/2"]
[WhiteElo "2053"]
[BlackElo "1984"]

1.d4 d5 2.c4 c6 3.Nf3 Nf6 4.Nc3 e6 5.e3 Nbd7 6.Bd3 dxc4 7.Bxc4 b5 8.Be2 Bb7
9.O-O a6 10.e4 c5 11.e5 Nd5 12.Ne4 Qb6 13.a4 Nc7 14.dxc5 Nxc5 15.Nd6+ Bxd6
16.Qxd6 Nd7 17.Be3 Qxd6 18.exd6 Nd5 19.axb5 a5 20.Nd2 Ne5 21.Nb3 Kd7 22.Nxa5 Nxe3
23.fxe3 Bd5 24.Rfd1 f5 25.b4 g5 26.Rac1 Kxd6 27.Nb7+ Ke7 28.Rc7+ Kf6 29.Nd6 Ra2
30.Re1 Rd8 31.Nc8 f4 32.b6 f3 33.gxf3 Bxf3 34.b7 Bxb7 35.Rf1+ Kg6 36.Ne7+ Kh6
37.Rxb7 Rxe2 38.Rf6+ Ng6  1/2-1/2

[Event "EU-chB18"]
[Site "Herceg Novi MNE"]
[Date "2006.09.14"]
[Round "5"]
[White "Wu,L"]
[Black "Janovsky,J"]
[Result "1-0"]
[WhiteElo "2306"]
[BlackElo "2141"]

1.d4 d5 2.c4 c6 3.Nc3 Nf6 4.e3 e6 5.Nf3 Nbd7 6.Qc2 Bd6 7.g4 Bb4 8.Bd2 Qe7
9.Bd3 e5 10.cxd5 Bxc3 11.Bxc3 e4 12.dxc6 bxc6 13.g5 exd3 14.gxf6 Qxf6 15.Qd1 O-O
16.Rg1 g6 17.Ng5 Qf5 18.Qf3 Nb6 19.O-O-O Nd5 20.Qxf5 Bxf5 21.e4 Nxc3 22.bxc3 Be6
23.Kb2 Bc4 24.Nf3 Rab8+ 25.Ka1 f6 26.Ne1 Rb5 27.Nxd3 Rfb8 28.Rd2 Bxd3 29.Rxd3 Rb2
30.d5 cxd5 31.exd5 Kf7 32.d6 Re2 33.Rb1 Rd8 34.Rb7+ Ke8 35.Rxh7 Rxf2 36.d7+ Kf8
37.Re3 Kg8 38.Rhe7 Rf8 39.Re8 f5 40.Rxf8+  1-0

[Event "3rd Szeged Cup"]
[Site "Szeged HUN"]
[Date "2006.09.14"]
[Round "6"]
[White "Ignacz,R"]
[Black "Shadrina,T"]
[Result "0-1"]
[WhiteElo "1969"]
[BlackElo "2389"]

1.d4 d5 2.c4 c6 3.Nf3 Nf6 4.Nc3 e6 5.e3 Nbd7 6.Be2 dxc4 7.Bxc4 b5 8.Bb3 b4
9.Na4 Ba6 10.Qc2 Rc8 11.Bc4 Qa5 12.b3 c5 13.Bxa6 Qxa6 14.Nxc5 Bxc5 15.dxc5 Nxc5
16.Ne5 O-O 17.Qc4 Qd6 18.Bb2 Nfd7 19.Rd1 Nxe5 20.Rxd6 Nxc4 21.bxc4 Na4 22.Bd4 Rxc4
23.Bxa7 Rc1+ 24.Rd1 Rxd1+ 25.Kxd1 Nc3+ 26.Kc2 Ra8 27.Bd4 Rxa2+ 28.Kb3 Rxf2
29.g3 Nd5 30.e4 Rf3+ 31.Kc4 Nf6 32.Re1 b3 33.Re2 h5 34.Bxf6 gxf6 35.Rb2 Kg7
36.Rxb3 Rxb3 37.Kxb3 Kg6 38.Kc3 f5 39.Kd4 Kg5 40.h3 f4 41.gxf4+ Kxf4 42.h4 f6  0-1

[Event "Mitropa Cup Men"]
[Site "Brno CZE"]
[Date "2006.09.15"]
[Round "9"]
[White "Saric,A"]
[Black "Banusz,T"]
[Result "1/2-1/2"]
[WhiteElo "2475"]
[BlackElo "2480"]

1.d4 d5 2.c4 c6 3.Nc3 Nf6 4.e3 e6 5.Nf3 a6 6.Qc2 c5 7.a3 dxc4 8.Bxc4 b5 9.Ba2 Nbd7
10.d5 exd5 11.Nxd5 Bb7 12.e4 Nxd5 13.exd5 Bd6 14.Bg5 Qa5+ 15.Bd2 Qd8 16.O-O O-O
17.Rad1 Re8 18.h3 c4 19.Bb1 g6 20.Bg5 Qc7 21.Rd2 Qc5 22.Qc3 Ne5 23.Bf6 Nxf3+
24.Qxf3 Be5 25.Rfd1 Qd6 26.Bxe5 Rxe5 27.Qg3 Rd8 28.Rd4 Re2 29.Qc3 Qf6 30.f4 Qh4
31.Qf3 Rxb2 32.f5 Qh5 33.fxg6 hxg6 34.Qf6 Rxd5 35.Be4 Qxd1+ 36.Rxd1 Rxd1+
37.Kh2 Rxg2+ 38.Bxg2 Rd2 39.Kg3 Rxg2+ 40.Kh4 Be4 41.a4 c3 42.axb5 axb5 43.Qg7+ Kxg7  1/2-1/2

[Event "5th Open"]
[Site "Izmir TUR"]
[Date "2006.09.15"]
[Round "6"]
[White "Mamedjarova,Z"]
[Black "Annageldyev,O"]
[Result "0-1"]
[WhiteElo "2318"]
[BlackElo "2486"]

1.d4 Nf6 2.Nf3 d5 3.c4 c6 4.e3 e6 5.Nc3 Nbd7 6.Bd3 Bd6 7.O-O O-O 8.e4 dxe4
9.Nxe4 Nxe4 10.Bxe4 Nf6 11.Bc2 h6 12.b3 b6 13.Bb2 Bb7 14.Qd3 Re8 15.Rfe1 Qc7
16.Ne5 Rad8 17.Qh3 c5 18.Ng4 Nxg4 19.Qxg4 Bxh2+ 20.Kh1 Qf4 21.Qh5 cxd4 22.Qxh2 Qxf2
23.Rac1 d3 24.Rf1 Qe2 25.Qg3 e5 26.Rce1 Qxc2 27.Bxe5 Qxg2+ 28.Qxg2 Bxg2+
29.Kxg2 d2 30.Rd1 Rxe5 31.Rf2 g5 32.Rdxd2 Rxd2 33.Rxd2 Kg7 34.Kf2 h5 35.Rd7 a5
36.Rb7 Re6 37.c5 bxc5 38.Rb5 Rc6 39.Rxa5 Kg6 40.a4 c4 41.bxc4 Rxc4 42.Ra8 h4
43.a5 Ra4 44.a6 Kf5 45.a7 Ra2+ 46.Ke3 Kg4 47.Kd3 h3 48.Ke4 f5+ 49.Ke5 f4
50.Ke4 Re2+ 51.Kd5 Re7 52.Kd6 Rh7 53.Ke5  0-1

[Event "Open A"]
[Site "Graz AUT"]
[Date "2006.09.16"]
[Round "1"]
[White "Pilaj,H"]
[Black "Sachsenhofer,M"]
[Result "1-0"]
[WhiteElo "2380"]
[BlackElo "2140"]

1.d4 d5 2.c4 e6 3.Nc3 Nf6 4.Nf3 c6 5.e3 Nbd7 6.Bd3 dxc4 7.Bxc4 b5 8.Bd3 Bb7
9.e4 a6 10.e5 Nd5 11.Nxd5 exd5 12.O-O Be7 13.Nd2 O-O 14.Qg4 Qb6 15.Nf3 f5
16.exf6 Nxf6 17.Qh4 Rae8 18.Ne5 Ne4 19.Qh3 Rf5 20.Be3 Bd6 21.g4 Rfxe5 22.dxe5 d4
23.Bxe4 dxe3 24.Qxh7+  1-0

[Event "5th Open"]
[Site "Izmir TUR"]
[Date "2006.09.16"]
[Round "7"]
[White "Bagaturov,G"]
[Black "Kadimova,I"]
[Result "1-0"]
[WhiteElo "2461"]
[BlackElo "2330"]

1.d4 d5 2.c4 c6 3.Nf3 Nf6 4.Nc3 e6 5.e3 Nbd7 6.Bd3 dxc4 7.Bxc4 b5 8.Bd3 b4
9.Ne4 Nxe4 10.Bxe4 Bb7 11.O-O Bd6 12.Qa4 O-O 13.Bd2 f5 14.Bd3 c5 15.Be2 Nb6
16.Qa5 Rc8 17.Rac1 cxd4 18.Rxc8 Qxc8 19.Qxa7 d3 20.Bxd3 Bxf3 21.Qxb6 Bc7
22.Qxb4 Qd8 23.Rc1 Qxd3 24.Rxc7 Bd5 25.Qe7 Qb1+ 26.Bc1  1-0

[Event "12th DDS League and Open"]
[Site "Tuzla BIH"]
[Date "2006.09.16"]
[Round "2"]
[White "Dugonjic,D"]
[Black "Fontan,T"]
[Result "1-0"]
[WhiteElo "2132"]
[BlackElo "2057"]

1.d4 d5 2.c4 Nf6 3.Nc3 c6 4.Nf3 e6 5.e3 Bd6 6.Qc2 O-O 7.Bd3 Nbd7 8.O-O dxc4
9.Bxc4 e5 10.Rd1 Qc7 11.h3 h6 12.Bd2 exd4 13.exd4 Nb6 14.Bb3 Bf4 15.Bxf4 Qxf4
16.Ne5 Bf5 17.Qd2 Qxd2 18.Rxd2 Ne4 19.Re2 Nf6 20.g4 Bh7 21.f4 Rad8 22.Rd1 Nfd5
23.f5 Nf4 24.Re3 Nfd5 25.Ree1 Nf4 26.Kh2 Nbd5 27.Nd3 Nxd3 28.Rxd3 Nxc3 29.bxc3 Rfe8
30.Rde3 Kf8 31.Kg3 Rxe3+ 32.Rxe3 Re8 33.Rxe8+ Kxe8 34.Kf4 Ke7 35.Ke5 Bg8
36.Ke4 Bh7 37.Kf4 g6 38.fxg6 Bxg6 39.g5 hxg5+ 40.Kxg5 Bd3 41.h4 Bb1 42.a3 Bd3
43.Bd1 Be4 44.Bg4 f6+ 45.Kf4 Bd5 46.Bh5 Be6 47.Bg4 Bd5 48.Be2 Kf7 49.c4 Be6
50.Ke4 Kg6 51.d5 cxd5+ 52.cxd5 Bf5+ 53.Kd4 Kf7 54.Kc5 Ke7 55.h5 Kd7 56.Bb5+ Ke7
57.d6+ Ke6 58.Be8 Bh7 59.Bg6 Bg8 60.h6  1-0

[Event "TCh-FIN 2006-7"]
[Site "Turku FIN"]
[Date "2006.09.17"]
[Round "2"]
[White "Salo,H"]
[Black "Tuominen,R"]
[Result "1/2-1/2"]
[WhiteElo "2238"]
[BlackElo "2276"]

1.d4 Nf6 2.c4 e6 3.Nf3 d5 4.Nc3 c6 5.e3 a6 6.Qc2 c5 7.a3 cxd4 8.exd4 dxc4
9.Bxc4 b5 10.Bd3 Bb7 11.Ne4 Nbd7 12.O-O Rc8 13.Qe2 Be7 14.Bf4 Bxe4 15.Bxe4 Nxe4
16.Qxe4 Qb6 17.Rac1 O-O 18.Rxc8 Rxc8 19.Rc1  1/2-1/2

[Event "12th DDS League and Open"]
[Site "Tuzla BIH"]
[Date "2006.09.17"]
[Round "4"]
[White "Saric,S"]
[Black "Avdic,Ad"]
[Result "0-1"]
[WhiteElo "2259"]
[BlackElo "2288"]

1.d4 d5 2.c4 c6 3.Nc3 Nf6 4.e3 e6 5.Nf3 Nbd7 6.Qc2 Bd6 7.Bd2 O-O 8.O-O-O Qe7
9.e4 dxe4 10.Nxe4 Nxe4 11.Qxe4 e5 12.Bg5 Qe6 13.dxe5 Bxe5 14.Bd3 f5 15.Qe2 Qg6
16.g4 Bf6 17.h4 Nc5 18.Bxf6 Qxf6 19.g5 Qe6 20.Ne5 Nxd3+ 21.Rxd3 f4 22.Re1 Qf5
23.Qd2 Be6 24.Rd6 Rae8 25.Qd4 a5 26.Nd3 f3 27.Re5 Qf7 28.Re4 Bc8 29.Rxe8 Qxe8
30.Ne5 Qe7 31.g6 hxg6 32.Nxg6 Qe1+ 33.Qd1 Qxd1+ 34.Kxd1 Re8 35.Rd4 Bf5 36.Nf4 Kh7
37.Kd2 Kg8 38.a3 Kf7 39.b4 axb4 40.axb4 g6 41.c5 Ra8 42.Nd3 Ra2+ 43.Ke3 Ra3
44.Kd2 Kf6 45.Rd6+ Kg7 46.Ne5 Ra2+ 47.Kd1 Rxf2 48.Rd4 Kf6 49.Ng4+ Bxg4 50.Rxg4 Kf5
51.Rg5+ Kf4 52.Rxg6 Rh2 53.Rf6+ Ke3 54.Re6+ Kf2 55.Re7 Kg1 56.Re1+ Kg2  0-1

[Event "12th DDS League and Open"]
[Site "Tuzla BIH"]
[Date "2006.09.17"]
[Round "5"]
[White "Karahmetovic,A"]
[Black "Mrkonjic,N"]
[Result "1/2-1/2"]
[WhiteElo "2287"]
[BlackElo "2378"]

1.d4 d5 2.Nf3 c6 3.c4 Nf6 4.Nc3 e6 5.e3 Be7 6.Qc2 O-O 7.Bd2 Nbd7 8.Rg1 c5
9.g4 dxc4 10.Bxc4 cxd4 11.Nxd4 Ne5 12.Be2 Bd7 13.g5 Nd5 14.Qe4 Nxc3 15.Bxc3 Ng6
16.h4 e5 17.h5 exd4 18.Qxd4 f6 19.Bc4+ Kh8 20.hxg6 Bf5 21.Qxd8 Raxd8 22.gxf6 Bxf6
23.Bxf6 Rxf6 24.gxh7 Rfd6 25.Bb3 Kxh7 26.Rd1 Rxd1+ 27.Bxd1 Be6 28.a3 Kg8
29.Rg5 b6 30.Bc2 Kf7 31.f4 Bc4 32.Re5 Rd6 33.Re4 Bb5 34.Re5 Bc4 35.Be4 Bb3
36.Bf3 Kf6 37.Bg4 Rc6 38.Bf5 Rd6 39.Bg4 Rc6 40.Bf5 Rd6 41.Bg4 Rc6 42.Bf5 Rd6
43.Be4 Bc4 44.Re8 Bf7 45.Rc8 Bd5 46.Bxd5 Rxd5 47.Ke2 Rb5 48.b4 g5 49.Kf3 gxf4
50.Kxf4 a5 51.Rc4 Ke7 52.Ke4 Rh5 53.Kd4 Kd6 54.e4 axb4 55.axb4 Rh1 56.b5 Rd1+
57.Ke3 Ke5 58.Rc6 Re1+ 59.Kd3 Rxe4 60.Rxb6 Kd5 61.Rh6 Rb4 62.Rh5+ Kd6 63.Kc3 Rg4  1/2-1/2

[Event "EU-chB18"]
[Site "Herceg Novi MNE"]
[Date "2006.09.19"]
[Round "9"]
[White "Lenic,L"]
[Black "Bogosavljevic,B"]
[Result "1-0"]
[WhiteElo "2500"]
[BlackElo "2302"]

1.d4 d5 2.c4 c6 3.Nf3 Nf6 4.e3 e6 5.Nc3 Nbd7 6.Qc2 dxc4 7.Bxc4 Bd6 8.Ng5 O-O
9.Nge4 Be7 10.Nxf6+ Bxf6 11.Bd3 h6 12.Ne4 e5 13.Nxf6+ Qxf6 14.dxe5 Qxe5 15.Bd2 Nc5
16.Bh7+ Kh8 17.Bb4 b6 18.O-O f5 19.Bg6 Be6 20.h4 Bd5 21.h5 f4 22.e4 f3 23.exd5 Qg5
24.g3 Qg4 25.Kh2 Qxb4 26.a3 Qb5 27.b4 cxd5 28.bxc5 bxc5 29.Rab1 Qc6 30.Rfe1 Rab8
31.Rxb8 Rxb8 32.Qf5 d4 33.Qe5 Rf8 34.Qe8 Qxe8 35.Rxe8 Rxe8 36.Bxe8 g5 37.g4 Kg7
38.Kg3 Kf6 39.Kxf3 Ke5 40.Bf7  1-0

[Event "2nd Geller Mem Open-A"]
[Site "Odessa UKR"]
[Date "2006.09.19"]
[Round "1"]
[White "Zubarev,Al1"]
[Black "Kononenko,Dmitry2"]
[Result "1/2-1/2"]
[WhiteElo "2518"]
[BlackElo "2246"]

1.d4 d5 2.c4 c6 3.Nc3 Nf6 4.Nf3 e6 5.e3 Nbd7 6.Qc2 Bd6 7.g4 Bb4 8.g5 Ne4
9.Rg1 c5 10.Bd3 cxd4 11.exd4 Nxc3 12.bxc3 dxc4 13.Bxc4 Bd6 14.Bd3 b6 15.Bxh7 Bb7
16.Be4 Qc7 17.g6 f6 18.Bxb7 Qxb7 19.Qe2 O-O-O 20.Be3 Kb8 21.h4 e5 22.h5 Rxh5
23.Nxe5 Nxe5 24.Qxh5 Nf3+ 25.Ke2 Nxg1+ 26.Rxg1 Qa6+ 27.Kf3 Qxa2 28.Qb5 Qe6
29.Qd3 Re8 30.c4 Qh3+ 31.Ke2 Bf4 32.Re1 Bxe3 33.fxe3 Qg4+ 34.Kd2 f5 35.Qe2 Qxg6
36.Qh2+ Kc8 37.Rg1 Qf6 38.Qg2 Re4 39.Qxg7 Qxg7 40.Rxg7 f4 41.exf4 Rxd4+ 42.Ke3 Rxc4
43.f5 Kd8 44.Rxa7 b5 45.f6 Ke8 46.Rb7  1/2-1/2

[Event "12th DDS League and Open"]
[Site "Tuzla BIH"]
[Date "2006.09.20"]
[Round "9"]
[White "Dugonjic,D"]
[Black "Stjepanovic,N"]
[Result "1/2-1/2"]
[WhiteElo "2132"]
[BlackElo "1985"]

1.d4 d5 2.c4 e6 3.Nc3 c6 4.Nf3 Nf6 5.e3 Nbd7 6.Qc2 Bd6 7.Bd3 dxc4 8.Bxc4 O-O
9.O-O Re8 10.Rd1 Qe7 11.e4 e5 12.Bg5 exd4 13.Nxd4 Bxh2+ 14.Kh1 Be5 15.Nf5 Qf8
16.f4 Bxc3 17.bxc3 Nb6 18.Nh6+ gxh6 19.Bxf6 Nxc4 20.Qd3 Bg4 21.Qxc4 Re6 22.e5 Rxf6
23.exf6 Bxd1 24.Rxd1 Rd8 25.Qe2  1/2-1/2

[Event "XVI WSen"]
[Site "Arvier ITA"]
[Date "2006.09.21"]
[Round "10"]
[White "Sorokin,Valen"]
[Black "Karl,H"]
[Result "1/2-1/2"]
[WhiteElo "2337"]
[BlackElo "2240"]

1.d4 d5 2.Nf3 c6 3.c4 Nf6 4.e3 e6 5.Nc3 Nbd7 6.Bd3 Bd6 7.O-O O-O 8.Qc2 dxc4
9.Bxc4 e5 10.dxe5 Nxe5 11.Nxe5 Bxe5 12.h3 Qe7 13.Bd2 Be6 14.Bd3 Rad8 15.Rad1 Qc5
16.Rfe1 h6 17.e4 Bd4 18.Be3 Qe5 19.Bxd4 Rxd4 20.Ne2 Rdd8 21.f4 Qa5 22.Nc3 Bc4
23.Bxc4 Qc5+ 24.Qf2 Qxc4 25.Qxa7 Rxd1 26.Rxd1 Nxe4 27.Nxe4 Qxe4 28.Qxb7 Qa4
29.Qb3 Qxf4 30.Qc3 Re8 31.Qxc6 Re2 32.Rf1 Qd4+ 33.Kh1 Qxb2 34.a4 Qe5 35.Qf3 f6
36.a5 Qe6 37.Qd3 Re3 38.Qd8+ Kh7 39.Qd2 Ra3 40.Qc2+ Kg8 41.Rb1 f5 42.Qc5 Ra4
43.Kh2 Rc4 44.Qb6 Qe5+ 45.Kh1 Kh7 46.a6 Qe4 47.Qb7 Ra4  1/2-1/2

[Event "XVI WSen"]
[Site "Arvier ITA"]
[Date "2006.09.22"]
[Round "11"]
[White "Siegmund,R"]
[Black "Zaric,S"]
[Result "1/2-1/2"]
[WhiteElo "2154"]
[BlackElo "2241"]

1.d4 d5 2.c4 c6 3.Nf3 Nf6 4.Nc3 e6 5.e3 Nbd7 6.Qc2 Bd6 7.Be2 O-O 8.O-O Qe7
9.e4 dxe4 10.Nxe4 Nxe4 11.Qxe4 e5 12.dxe5 Nxe5  1/2-1/2

[Event "TCh-NED 2006-7"]
[Site "Netherlands NED"]
[Date "2006.09.23"]
[Round "1"]
[White "Brenninkmeijer,J"]
[Black "Ris,R"]
[Result "1/2-1/2"]
[WhiteElo "2503"]
[BlackElo "2364"]

1.d4 d5 2.c4 e6 3.Nc3 Nf6 4.e3 c6 5.Nf3 Nbd7 6.Qc2 Bd6 7.Be2 O-O 8.O-O dxc4
9.Bxc4 a6 10.a4 c5 11.Rd1 Qc7 12.Ne4 Be7 13.Bd3 h6 14.Nxf6+ Nxf6 15.b4 c4
16.Bd2 c3 17.Bxc3 Nd5 18.Bb2 Qxc2 19.Bxc2 Nxb4 20.Bb3 b6 21.Ne5 Rd8 22.Rac1 Bb7
23.Rc7 Bd5 24.Bxd5 Nxd5 25.Rb7 Rab8 26.Rxb8 Rxb8 27.e4 Nb4 28.f3 b5 29.axb5 axb5
30.Rb1 Bd6 31.Nd7 Rd8 32.Ba3 Rxd7 33.Bxb4 Bxb4 34.Rxb4 Rb7 35.Kf2 Kf8 36.Ke3 Ke7
37.Kd3 Kd6 38.Rb1 g6 39.Ra1 h5 40.h4 Kc6 41.g4 Kb6 42.gxh5 gxh5 43.Kc3 Rc7+
44.Kb3 f5 45.Re1 Rc4 46.Rd1 Kc6 47.d5+  1/2-1/2

[Event "2nd Geller Mem Open-A"]
[Site "Odessa UKR"]
[Date "2006.09.23"]
[Round "5"]
[White "Podgaets,M"]
[Black "Makarov,V MDA"]
[Result "1-0"]
[WhiteElo "2472"]
[BlackElo "2272"]

1.d4 d5 2.c4 c6 3.Nf3 Nf6 4.Nc3 e6 5.e3 Nbd7 6.Bd3 dxc4 7.Bxc4 b5 8.Bd3 a6
9.e4 c5 10.d5 e5 11.O-O c4 12.Bc2 Bd6 13.Ne2 Nf8 14.a4 b4 15.Ng3 Ng6 16.Bg5 O-O
17.Nd2 c3 18.bxc3 bxc3 19.Nc4 h6 20.Be3 Ng4 21.Bb6 Bc7 22.Bc5 Qh4 23.h3 Nf4
24.Qf3  1-0

[Event "Vojvodina Quality League m"]
[Site "Sremska Mitrovica SRB"]
[Date "2006.09.23"]
[Round "3"]
[White "Bulajic,R"]
[Black "Brajic,D"]
[Result "1-0"]
[WhiteElo "2286"]
[BlackElo "2257"]

1.d4 Nf6 2.c4 e6 3.Nf3 d5 4.Nc3 c6 5.e3 Bd6 6.b3 Nbd7 7.Bd3 O-O 8.O-O e5
9.cxd5 cxd5 10.dxe5 Nxe5 11.Be2 Nxf3+ 12.Bxf3 Bxh2+ 13.Kxh2 Qc7+ 14.Kg1 Qxc3
15.Ba3 Re8 16.Bd6 Bf5 17.Rc1 Qa5 18.Qd4 Be4 19.Be5 Bxf3 20.gxf3 Re6 21.Rc2 Rae8
22.Bh2 Rc6 23.Rfc1 Ree6 24.Qh4 Ne8 25.b4 Qa3 26.Qd8 Qxb4 27.Rxc6 bxc6 28.Rxc6 Qb5
29.Rc8 h5 30.Rb8 Qc6 31.Rc8 Qb5 32.Rb8  1-0

[Event "Vojvodina Quality League m"]
[Site "Sremska Mitrovica SRB"]
[Date "2006.09.23"]
[Round "3"]
[White "Kitic,D"]
[Black "Mastilovich,R"]
[Result "1-0"]
[WhiteElo "2244"]
[BlackElo "2055"]

1.d4 d5 2.c4 c6 3.Nc3 Nf6 4.Nf3 e6 5.e3 Be7 6.Qc2 O-O 7.Bd2 Nbd7 8.Bd3 c5
9.cxd5 exd5 10.O-O Rb8 11.b3 b6 12.Ne5 Bb7 13.f4 Rc8 14.Nxd7 Qxd7 15.Bf5 Qc7
16.Nb5 Qb8 17.Bxc8 Rxc8 18.Qf5 Ne4 19.Be1 Bf6 20.Rd1 g6 21.Qh3 Ba6 22.a4 cxd4
23.exd4 Rc2 24.Qd7 Bb7 25.Bb4 a6 26.Nd6 Nxd6 27.Bxd6 Qc8 28.Qxc8+ Bxc8 29.Be5 Bxe5
30.dxe5 Be6 31.h3 h5 32.Rd4 b5 33.axb5 axb5 34.Rfd1 Rc3 35.R1d3 Rc1+ 36.Kf2 Rc2+
37.Rd2 Rc3 38.Rb4 d4 39.Rdxd4 Bxb3 40.Rxb5 Be6 41.Rb8+ Kg7 42.Rdd8 g5 43.Rg8+ Kh7
44.Rxg5 f6 45.exf6  1-0

[Event "Vojvodina Quality League m"]
[Site "Sremska Mitrovica SRB"]
[Date "2006.09.23"]
[Round "3"]
[White "Sente,D"]
[Black "Kostic,Brani"]
[Result "0-1"]
[WhiteElo "2032"]
[BlackElo "2286"]

1.d4 Nf6 2.c4 e6 3.Nc3 d5 4.Nf3 c6 5.e3 Nbd7 6.Qc2 Be7 7.g4 b6 8.g5 Nh5 9.Rg1 Bb7
10.cxd5 cxd5 11.Bd2 g6 12.Bb5 O-O 13.Bd3 Rc8 14.O-O-O a6 15.Nh4 Ng7 16.f4 b5
17.a3 Nb6 18.Kb1 Nc4 19.Bxc4 Rxc4 20.Qb3 Qc7 21.Na2 Rc8 22.Bb4 Bxb4 23.Nxb4 Ne8
24.Nd3 Nd6 25.Nc5 Ne4 26.Nxb7 Qxb7 27.Nf3 b4 28.Ne5 a5 29.Nxc4 dxc4 30.Qc2 c3
31.b3 a4 32.Rg2 Nd2+ 33.Rgxd2 cxd2 34.Qxd2 bxa3 35.b4 Rc4 36.Rc1 Rxb4+ 37.Ka1 Rb2
38.Qc3 Qb3  0-1

[Event "Tatry Open"]
[Site "Tatranske Zruby SVK"]
[Date "2006.09.23"]
[Round "1"]
[White "Ostrowski,L"]
[Black "Novak,Jar"]
[Result "1-0"]
[WhiteElo "2322"]
[BlackElo "2014"]

1.d4 d5 2.c4 c6 3.Nc3 Nf6 4.Nf3 e6 5.e3 Nbd7 6.Bd3 dxc4 7.Bxc4 b5 8.Bd3 Bb7
9.e4 a6 10.e5 Nd5 11.Nxd5 cxd5 12.Ng5 Be7 13.h4 Qb6 14.Be3 h6 15.Nxf7 Kxf7
16.Qh5+ Kg8 17.Rh3 Bb4+ 18.Ke2 Rf8 19.Rg3 Rf7 20.Bg6 Rf8 21.Be8 Rxe8 22.Qxe8+ Nf8
23.Rc1 Rh7 24.a3 Bd6 25.Rf3 b4 26.Qf7+ Kh8 27.Qxf8+  1-0

[Event "Monarch Assurance Isle of Man"]
[Site "Port Erin IOM"]
[Date "2006.09.24"]
[Round "2"]
[White "Kobalia,M"]
[Black "Sharma,Di"]
[Result "1-0"]
[WhiteElo "2647"]
[BlackElo "2358"]

1.Nf3 d5 2.d4 c6 3.c4 e6 4.Nc3 Nf6 5.e3 Nbd7 6.Qc2 b6 7.b3 Bb7 8.Bd3 Bd6
9.Bb2 Rc8 10.O-O O-O 11.Rfd1 Qe7 12.Rac1 h6 13.Qe2 Rfe8 14.Bb1 Nf8 15.Ne5 Bb8
16.f4 c5 17.Ba3 Ne4 18.cxd5 Nxc3 19.Rxc3 exd5 20.Qd3 Bd6 21.Bb2 cxd4 22.Rxc8 Rxc8
23.Bxd4 Bc5 24.Nf3 Re8 25.Kf2 Rd8 26.Rc1 Re8 27.Re1 Bb4 28.Re2 Bc5 29.Bb2 Ba3
30.Ba1 Bc5 31.h3 a5 32.Nd4 f6 33.Nf5 Qc7 34.Bd4 Qd7 35.Nh4 Qd6 36.Rd2 Bb4
37.Rd1 Bc5 38.Nf3 Qe7 39.g4 Qd7 40.Rg1 Qe7 41.h4 Qd6 42.g5 Bxd4 43.Nxd4 fxg5
44.hxg5 Bc8 45.Nb5 Qc6 46.Na7 Qd6 47.Nxc8 Rxc8 48.gxh6 g6 49.Qd4 Rc7 50.Rg5 Rd7
51.Bxg6 Nxg6 52.f5 Rf7 53.Ke1 Qf8 54.h7+ Rxh7 55.Qxd5+ Kh8 56.Qd4+ Rg7 57.Rxg6 Qxf5
58.Qxg7+  1-0